[Event "Pirot Generations m 2nd"]
[Site "Pirot"]
[Date "2023.12.27"]
[Round "5.4"]
[White "Zhou, Vanessa G"]
[Black "Novoselski, Zoran"]
[Result "1/2-1/2"]
[WhiteElo "1858"]
[BlackElo "2204"]
[PlyCount "86"]
[EventDate "2023.12.27"]
[EventType "schev"]
[EventRounds "8"]
[EventCountry "SRB"]
[SourceTitle "CB01_2024"]
[SourceDate "2024.01.03"]
[SourceVersion "1"]
[SourceVersionDate "2024.01.03"]
[SourceQuality "1"]
[WhiteTeam "Youth"]
[BlackTeam "Experts"]
[WhiteTeamCountry "USA"]
[BlackTeamCountry "SRB"]

1. e4 c5 2. Nf3 g6 3. d4 cxd4 4. Nxd4 Bg7 5. c4 Nc6 6. Be3 Nf6 7. Nc3 Ng4 8. Qxg4 Nxd4 9. Qd1 Ne6 10. Rc1 Qa5 11. a3 d6 12. Qd2 Bd7 13. Be2 b6 14. 0-0 g5 15. Rfd1 Be5 16. Bg4 h5 17. Bxe6 Bxe6 18. Bxg5 Bxc4 19. f4 Bg7 20. b4 Qxa3 21. Nd5 Bxd5 22. Qxd5 0-0 23. Bxe7 Rfe8 24. Bxd6 Qe3+ 25. Kh1 Qxe4 26. Qxh5 Rad8 27. h3 Rd7 28. f5 Bf6 29. b5 Red8 30. Bg3 Rxd1+ 31. Rxd1 Rxd1+ 32. Qxd1 Qxf5 33. Qg4+ Qxg4 34. hxg4 Kf8 35. Bb8 Bd8 36. Kh2 Ke7 37. Kg3 Kd7 38. Kf3 Bc7 39. Bxa7 Kd6 40. Ke4 Bd8 41. Kf5 Kc5 42. g5 Kxb5 43. g6 fxg6+ 1/2-1/2